000 00341nam a2200121Ia 4500
005 20251222152041.0
008 251222s9999||||xx |||||||||||||| ||spa||
082 _a631.985 S61
100 _aSmith, Stephen M.
245 0 _aPotencial comercial de los cultivos tradicionales andinos:
264 _bInstituto de Estudios Peruanos
942 _cLIB
999 _c26041
_d26041